| 000 | 00657nam a2200181 a 4500 | ||
|---|---|---|---|
| 001 | 000031077 | ||
| 005 | 20200930062705.0 | ||
| 008 | 110613s2006 dr ac 000 0 spa d | ||
| 040 |
_aDO-SdBNP _bspa _cBNPHU |
||
| 082 |
_axxxx _bR426s |
||
| 110 | 1 |
_aRepública Dominicana. _bOficina Nacional de la Propiedad Industrial _957555 |
|
| 245 | 1 | 0 |
_aSumario de una gestión : _bagosto 2004 - diciembre 2006. |
| 260 |
_aSanto Domingo : _bCentenario, _c[2006?]. |
||
| 300 |
_a105 p. : _bgraf., il., retrs. ; _c28 cm. |
||
| 500 | _aConstruyendo una cultura de aprovechamiento de la propiedad industrial. | ||
| 586 | _aPremio Nacional a la Calidad 2006 | ||
| 049 | _aBNPD | ||
| 999 |
_c30569 _d30569 |
||